Evolución del conflicto laboral en Chile, 1961-2002
Saved in:
| Main Authors: | , |
|---|---|
| Format: | Bog |
| Sprog: | spansk |
| Udgivet: |
Santiago
Ediciones Universidad Católica de Chile
2006
|
| Udgivelse: | 1a. ed |
| Serier: | Investigaciones
|
| Fag: | |
| Tags: |
Tilføj Tag
Ingen Tags, Vær først til at tagge denne postø!
|
MARC
| LEADER | 00000nam a2200000 a 4500 | ||
|---|---|---|---|
| 001 | UCI8663 | ||
| 003 | CL-VaPUC | ||
| 008 | 080922e20060000CL |||||||||||||||||spa|d | ||
| 020 | |a 9561408546 | ||
| 082 | 0 | 4 | |a 331.890983 |b ARM |2 21 |
| 100 | 0 | |a Armstrong Verdugo, Alberto J |e author |9 532228 | |
| 700 | 0 | |a Aguila Beiza, Rafael A |e author |9 532229 | |
| 245 | 1 | 0 | |a Evolución del conflicto laboral en Chile, 1961-2002 |
| 250 | |a 1a. ed | ||
| 300 | |a 467 p | ||
| 942 | |c BK | ||
| 945 | |d 20080922 00:00:00 |a rbrito | ||
| 260 | |a Santiago |b Ediciones Universidad Católica de Chile |c 2006 | ||
| 650 | 0 | |a Conflictos laborales |9 256688 | |
| 650 | 0 | |a Relaciones laborales |9 335971 | |
| 650 | 0 | |a Trabajadores |9 260887 | |
| 650 | 7 | |a POLITICAS LABORALES |2 CL-VaPUC |9 532230 | |
| 650 | 0 | |a Negociación colectiva |9 312433 | |
| 650 | 7 | |a DERECHO DE TRABAJO |2 CL-VaPUC |9 388095 | |
| 650 | 7 | |a HUELGAS |2 CL-VaPUC |9 255320 | |
| 650 | 0 | |a Sindicatos |9 255034 | |
| 651 | 7 | |a CHILE |2 CL-VaPUC |9 532231 | |
| 583 | |a last modification |c 20080922 00:00:00 |k Rodrigo Vera | ||
| 490 | 0 | |a Investigaciones | |
| 999 | |c 331479 |d 331477 | ||
| 952 | |0 0 |1 0 |4 0 |6 331_890983000000000_ARM_2006 |7 0 |8 A |9 418163 |a BIBHIS |b BIBHIS |d 2019-11-22 |i 4482212 |o 331.890983 ARM 2006 |p 4482212 |r 2025-01-20 |w 2019-11-22 |y BK |k HIS | ||
| 952 | |0 0 |1 0 |4 0 |6 331_890983000000000_ARM_2006 |7 0 |8 A |9 418164 |a BIBHIS |b BIBEDU |d 2019-11-22 |i 4629558 |l 4 |o 331.890983 ARM 2006 |p 4629558 |r 2025-01-20 |s 2021-08-01 |w 2019-11-22 |y BK |k HIS | ||
| 952 | |0 0 |1 0 |4 0 |6 331_890983000000000_ARM_2006 |7 0 |8 A |9 418165 |a BIBHIS |b BIBHIS |d 2019-11-22 |i 4755219 |o 331.890983 ARM 2006 |p 4755219 |r 2025-01-20 |w 2019-11-22 |y BK |k HIS | ||